La educación en la Roma Antigua. Desde Catón el Viejo a Plinio el Joven.

Saved in:
Bibliografiske detaljer
Hovedforfatter: Bonner, Stanley F (autor)
Format: Bog
Sprog:spansk
Udgivet: Barcelona, España: Herder, 1984.
Fag:
Tags: Tilføj Tag
Ingen Tags, Vær først til at tagge denne postø!

MARC

LEADER 00000nam a2200000 a 4500
001 UCP8067
003 CL-VaPUC
005 20220822114341.0
008 000106e19840000SP |||||||||||||||||spa|d
999 |c 285101  |d 285099 
020 |a 84-254-1348-6 
040 |c Pontificia Universidad Católica de Valparaíso 
082 0 4 |a 370.937 BON 1984   |2 21 
100 0 |a Bonner, Stanley F  |e autor  |9 437899 
245 1 3 |a La educación en la Roma Antigua.  |b Desde Catón el Viejo a Plinio el Joven.  
260 |a Barcelona, España:  |b Herder,   |c 1984. 
300 |a 462 páginas.  
500 |a  c.2 Donación Familia Prof. Alejandro Guzmán Brito. 
583 |a last modification  |c 20170925 04:47:34  |k Rodrigo Vera 
650 0 |a Historia de la educación   |9 257642  |z Roma 
942 |c BK  |2 ddc  |n 0 
945 |d 20000106 00:00:00  |a crobeson 
952 |0 0  |1 0  |4 0  |6 370_937000000000000_BON_1984  |7 0  |8 A  |9 329473  |a BIBHIS  |b BIBHIS  |d 2019-11-20  |i 1374907  |o 370.937 BON 1984  |p 1374907  |r 2025-01-20  |w 2019-11-20  |y BK  |k HIS